书目信息 |
| 题名: |
画心
|
|
| 作者: | 韦志中 , 余晓洁 著 | |
| 分册: | ||
| 出版信息: | 北京 台海出版社 2019.05 |
|
| 页数: | 262页 | |
| 开本: | 21cm | |
| 丛书名: | ||
| 单 册: | ||
| 中图分类: | J20-05 | |
| 科图分类: | ||
| 主题词: | 绘画心理学--hui hua xin li xue--精神疗法 | |
| 电子资源: | ||
| ISBN: | 978-7-5168-2280-7 | |
| 000 | 00961nam0 2200241 450 | |
| 001 | 0109110110 | |
| 005 | 20201109110335.0 | |
| 010 | @a978-7-5168-2280-7@dCNY68.00 | |
| 100 | @a20190508d2019 em y0chiy50 ea | |
| 101 | 0 | @achi |
| 102 | @aCN@b110000 | |
| 105 | @aa z 000yy | |
| 106 | @ar | |
| 200 | 1 | @a画心@Ahua xin@e绘画心理治疗师的心灵透视课@f韦志中, 余晓洁著 |
| 210 | @a北京@c台海出版社@d2019.05 | |
| 215 | @a262页@c图@d21cm | |
| 330 | @a本书由作者举办的一个绘画艺术治疗技术培训班的文字记录加工而成,汇集了几十位学生的绘画作品与内心分享。通过对图画中看似随意的线条、色彩、人物、风景、布局等元素的解读,一起走进绘画者独特的内心世界,传达绘画者的心理状态,述说属于他们的人生哲学,完成一场透视心灵的旅程。 | |
| 606 | 0 | @a绘画心理学@Ahui hua xin li xue@x精神疗法 |
| 690 | @aJ20-05@v5 | |
| 701 | 0 | @a韦志中@Awei zhi zhong@f(1976-)@4著 |
| 701 | 0 | @a余晓洁@Ayu xiao jie@c(女)@4著 |
| 801 | 0 | @aCN@bBJSZM@c20201103 |
| 905 | @b1266828-31@dJ20-05@e1182@f4 | |
| 画心:绘画心理治疗师的心灵透视课/韦志中, 余晓洁著.-北京:台海出版社,2019.05 |
| 262页:图;21cm |
| ISBN 978-7-5168-2280-7:CNY68.00 |
| 本书由作者举办的一个绘画艺术治疗技术培训班的文字记录加工而成,汇集了几十位学生的绘画作品与内心分享。通过对图画中看似随意的线条、色彩、人物、风景、布局等元素的解读,一起走进绘画者独特的内心世界,传达绘画者的心理状态,述说属于他们的人生哲学,完成一场透视心灵的旅程。 |
| ● |
| 相关链接 |
|
|
|
|
正题名:画心
索取号:J20-05/1182
 
预约/预借
| 序号 | 登录号 | 条形码 | 馆藏地/架位号 | 状态 | 备注 |
| 1 | 1266828 | 212668282 | 第一样本阅览室/ [索取号:J20-05/1182] | 在馆 | |
| 2 | 1266829 | 212668291 | 教育系资料室/ [索取号:J20-05/1182] | 在馆 | |
| 3 | 1266830 | 212668308 | 教育系资料室/ [索取号:J20-05/1182] | 在馆 | |
| 4 | 1266831 | 212668317 | 第一借阅区/ [索取号:J20-05/1182] | 在馆 |